[Event "Prague Summer op-B 9th"]
[Site "Prague"]
[Date "2022.08.10"]
[Round "7"]
[White "Andersen, Carsten"]
[Black "Svetly, Jiri"]
[Result "0-1"]
[WhiteElo "1694"]
[BlackElo "1825"]
[PlyCount "88"]
[EventDate "2022.08.05"]
[EventType "swiss"]
[EventRounds "9"]
[EventCountry "CZE"]
[SourceTitle "EXT 2023"]
[Source "ChessBase"]
[SourceDate "2022.10.05"]
[SourceVersion "1"]
[SourceVersionDate "2022.10.05"]
[SourceQuality "1"]

1. e4 d6 2. d4 Nf6 3. Nc3 g6 4. Bg5 Bg7 5. Nf3 Nbd7 6. Bc4 h6 7. Bh4 c6 8. 0-0 b5 9. Bd3 e5 10. d5 cxd5 11. Nxb5 Nc5 12. exd5 Nxd3 13. Qxd3 0-0 14. Qa3 g5 15. Bg3 Ne4 16. Nc3 Nxg3 17. hxg3 f5 18. Rad1 Qd7 19. Nd2 Bb7 20. Nc4 Rfd8 21. Na5 Rab8 22. Nxb7 Rxb7 23. Ne2 Qb5 24. Qe3 Qxb2 25. Rb1 Qxb1 26. Rxb1 Rxb1+ 27. Kh2 Rb7 28. g4 f4 29. Qe4 Rc7 30. g3 Rdc8 31. c3 Rf7 32. gxf4 gxf4 33. f3 Rfc7 34. Kh3 Rf7 35. Kh4 Bf6+ 36. Kh5 Rg7 37. Kxh6 Rcc7 38. g5 Bxg5+ 39. Kh5 Bd8 40. Kh6 Rh7+ 41. Kg6 Rcg7+ 42. Kf5 Rh5+ 43. Ke6 Rh6+ 44. Kf5 Rg5# 0-1

[Event "Prague Summer op-B 6th"]
[Site "Prague"]
[Date "2019.08.05"]
[Round "5"]
[White "Andersen, Carsten"]
[Black "Westendorp, Christian"]
[Result "0-1"]
[WhiteElo "1602"]
[BlackElo "1774"]
[PlyCount "88"]
[EventDate "2019.08.02"]
[EventType "swiss"]
[EventRounds "9"]
[EventCountry "CZE"]
[SourceTitle "EXT 2020"]
[Source "ChessBase"]
[SourceDate "2019.10.17"]
[SourceVersion "1"]
[SourceVersionDate "2019.10.17"]
[SourceQuality "1"]

1. e4 g6 2. d4 Bg7 3. Nc3 d6 4. Nf3 Nf6 5. h3 0-0 6. Be3 c6 7. Bd3 Re8 8. 0-0 e5 9. dxe5 dxe5 10. Bc4 b5 11. Qxd8 Rxd8 12. Rfd1 Rxd1+ 13. Rxd1 Nbd7 14. Bd3 Bf8 15. Ne2 Bb7 16. Ng3 a6 17. Bg5 Re8 18. Nd2 h6 19. Be3 Nc5 20. Nf3 Nxd3 21. cxd3 c5 22. Rc1 Nd7 23. Nd2 Rc8 24. b3 Kg7 25. f4 Bd6 26. f5 Be7 27. Rf1 Rc6 28. Nf3 Rd6 29. Ne1 Bh4 30. Bf2 Bg5 31. Nf3 Rxd3 32. Nxg5 hxg5 33. Rc1 Kf6 34. fxg6 Kxg6 35. Kh2 Rd2 36. Bxc5 Nf6 37. Be7 Nxe4 38. Rc7 Bd5 39. Rd7 Nxg3 40. Rxd5 Nf1+ 41. Kg1 Rxd5 42. Kxf1 Rd2 43. a4 bxa4 44. bxa4 Ra2 0-1

[Event "Prague Summer op-B 6th"]
[Site "Prague"]
[Date "2019.08.03"]
[Round "2"]
[White "Andersen, Carsten"]
[Black "Vora, Tanish"]
[Result "0-1"]
[WhiteElo "1602"]
[BlackElo "1799"]
[PlyCount "94"]
[EventDate "2019.08.02"]
[EventType "swiss"]
[EventRounds "9"]
[EventCountry "CZE"]
[SourceTitle "EXT 2020"]
[Source "ChessBase"]
[SourceDate "2019.10.17"]
[SourceVersion "1"]
[SourceVersionDate "2019.10.17"]
[SourceQuality "1"]

1. e4 e6 2. d4 d5 3. exd5 exd5 4. Bd3 Bd6 5. Nf3 Nf6 6. 0-0 0-0 7. c3 Bg4 8. h3 Bh5 9. Bg5 Nbd7 10. Nbd2 c6 11. Qc2 Qc7 12. Rfe1 Rfe8 13. Rxe8+ Rxe8 14. Re1 Rxe1+ 15. Nxe1 h6 16. Be3 Kf8 17. Ndf3 Bxf3 18. Nxf3 Bf4 19. Qd2 Bxe3 20. Qxe3 Qb6 21. Qe2 Qa5 22. a3 Nh5 23. Ne5 Nhf6 24. Nxd7+ Nxd7 25. Qg4 Qc7 26. Bf5 Nf6 27. Qf3 Qe7 28. Qf4 Qd8 29. Qe5 Ne8 30. f3 Nd6 31. Bd3 Qe7 32. f4 f6 33. Qxe7+ Kxe7 34. f5 Nc4 35. Bxc4 dxc4 36. Kf2 Kd6 37. Ke3 Kd5 38. Kf4 a5 39. h4 h5 40. g3 b5 41. Ke3 c5 42. dxc5 Kxc5 43. Ke4 b4 44. cxb4+ axb4 45. a4 b3 46. a5 c3 47. Kd3 cxb2 0-1

[Event "Prague op-B 18th"]
[Site "Prague"]
[Date "2019.01.15"]
[Round "6"]
[White "Shatil, Shir"]
[Black "Andersen, Carsten"]
[Result "1-0"]
[WhiteElo "1512"]
[BlackElo "1708"]
[PlyCount "37"]
[EventDate "2019.01.11"]
[EventType "swiss"]
[EventRounds "9"]
[EventCountry "CZE"]
[SourceTitle "CBM 188 Extra"]
[Source "ChessBase"]
[SourceDate "2019.02.28"]
[SourceVersion "1"]
[SourceVersionDate "2019.02.28"]
[SourceQuality "1"]

1. d4 d5 2. c4 dxc4 3. Nf3 e6 4. e3 Nf6 5. Bxc4 c5 6. 0-0 cxd4 7. exd4 Bd6 8. Nc3 Qc7 9. Nb5 Qb6 10. Nxd6+ Qxd6 11. Re1 0-0 12. b3 Nbd7 13. a4 Rd8 14. Ba3 Qf4 15. d5 Nb6 16. Be7 Rd7 17. dxe6 Rxe7 18. Qd8+ Ne8 19. exf7+ 1-0

[Event "Pardubice Czech op-J 29th"]
[Site "Pardubice"]
[Date "2018.07.14"]
[Round "2"]
[White "Shkuran, Danylo"]
[Black "Andersen, Carsten"]
[Result "1-0"]
[WhiteElo "2381"]
[BlackElo "1797"]
[PlyCount "49"]
[EventDate "2018.07.13"]
[EventType "swiss"]
[EventRounds "7"]
[EventCountry "CZE"]
[SourceTitle "EXT 2019"]
[Source "ChessBase"]
[SourceDate "2018.10.10"]
[SourceVersion "1"]
[SourceVersionDate "2018.10.10"]
[SourceQuality "1"]

1. e4 c5 2. Nf3 Nc6 3. Nc3 d6 4. d4 Bg4 5. d5 Nd4 6. Nxd4 Bxd1 7. Bb5+ Qd7 8. Bxd7+ Kxd7 9. Kxd1 cxd4 10. Nb5 e5 11. dxe6+ fxe6 12. Nxd4 Be7 13. c3 Nf6 14. Re1 Ng4 15. f3 Ne5 16. Kc2 Rhf8 17. Be3 a6 18. Rad1 Rac8 19. Bf2 Nc4 20. Nb3 Ke8 21. Nd2 Ne5 22. Bg3 Nc6 23. Nc4 Nb4+ 24. Kb3 d5 25. Nd6+ 1-0

[Event "Prague op-B 09th"]
[Site "Prague"]
[Date "2010.01.11"]
[Round "4"]
[White "Nikolaev, Leonid"]
[Black "Andersen, Carsten"]
[Result "1-0"]
[WhiteElo "2318"]
[BlackElo "1943"]
[PlyCount "61"]
[EventDate "2010.01.08"]
[EventType "swiss"]
[EventRounds "9"]
[EventCountry "CZE"]
[SourceTitle "CBM 134 Extra"]
[Source "ChessBase"]
[SourceDate "2010.03.03"]
[SourceVersion "1"]
[SourceVersionDate "2010.03.03"]
[SourceQuality "1"]

1. Nf3 Nc6 2. g3 Nf6 3. Bg2 d5 4. c4 e6 5. 0-0 Bd6 6. d4 dxc4 7. Nbd2 0-0 8. Nxc4 Be7 9. a3 h6 10. b4 a6 11. Bb2 b5 12. Nfe5 Nxe5 13. Nxe5 Nd5 14. e4 Nb6 15. Nc6 Qd7 16. d5 Bb7 17. Qg4 Bg5 18. h4 f5 19. Qe2 Bf6 20. e5 Be7 21. dxe6 Qxc6 22. Bxc6 Bxc6 23. Rfc1 Nc4 24. Rxc4 bxc4 25. Qxc4 Be4 26. Rd1 a5 27. Rd7 Rfd8 28. f3 Bxf3 29. Rxe7 Rd2 30. Qxc7 Rg2+ 31. Kf1 1-0

[Event "Pardubice op-D"]
[Site "Pardubice"]
[Date "2005.07.16"]
[Round "2"]
[White "Andersen, Carsten"]
[Black "Neuman, Petr"]
[Result "0-1"]
[WhiteElo "2019"]
[BlackElo "2428"]
[PlyCount "53"]
[EventDate "2005.07.15"]
[EventType "swiss"]
[EventRounds "7"]
[EventCountry "CZE"]
[SourceTitle "EXT 2006"]
[Source "ChessBase"]
[SourceDate "2005.11.24"]
[SourceVersion "1"]
[SourceVersionDate "2005.11.24"]
[SourceQuality "1"]

1. e4 c5 2. Bc4 e6 3. c3 a6 4. a4 d5 5. exd5 exd5 6. Bb3 Nf6 7. Nf3 Bd6 8. 0-0 0-0 9. d4 c4 10. Bc2 Bg4 11. Bg5 Nbd7 12. Nbd2 Qc7 13. h3 Bh5 14. Bf5 Bg6 15. Qc2 Rfe8 16. Rfe1 Kf8 17. Bxg6 hxg6 18. Re3 Rxe3 19. Bxe3 Re8 20. Re1 Nb6 21. b4 Qc6 22. a5 Qa4 23. Qb2 Nc8 24. Ra1 Qd7 25. Qc2 Qf5 26. Qxf5 gxf5 27. Re1 0-1

[Event "Pardubice opB"]
[Site "Pardubice"]
[Date "2004.??.??"]
[Round "6"]
[White "Andersen, Carsten"]
[Black "Kotva, Milan"]
[Result "0-1"]
[WhiteElo "2021"]
[BlackElo "2156"]
[PlyCount "46"]
[EventDate "2004.07.??"]
[EventType "swiss"]
[EventRounds "7"]
[EventCountry "CZE"]
[SourceTitle "EXT 2005"]
[Source "ChessBase"]
[SourceDate "2004.11.15"]
[SourceVersion "1"]
[SourceVersionDate "2004.11.15"]
[SourceQuality "1"]

1. e4 e5 2. Nf3 Nc6 3. Bc4 Nf6 4. d3 d5 5. exd5 Nxd5 6. Ng5 f6 7. Qf3 Nd4 8. Qxd5 Qxd5 9. Bxd5 Nxc2+ 10. Kd2 Nxa1 11. Ne6 c6 12. Bxc6+ bxc6 13. Nc7+ Kf7 14. Nxa8 Bb4+ 15. Nc3 Rd8 16. b3 Bf5 17. Bb2 Rxd3+ 18. Ke2 Nc2 19. Na4 Rd2+ 20. Kf3 e4+ 21. Kg3 Bd6+ 22. f4 g5 23. Rf1 Ne3 0-1